All Premier League Centre Midfielders 23/24 - Statistics

General Stats
  • This quiz has been taken 23 times
  • The average score is 34 of 67
Answer Stats
Club Nation # Answer % Correct
Liverpool Argentina 10 Alexis Mac Allister
95%
Man United Denmark 14 Christian Eriksen
95%
Man City Croatia 8 Mateo Kovacic
91%
Aston Villa Belgium 8 Youri Tielemans
91%
Liverpool Hungary 8 Dominik Szoboszlai
86%
Man United England 37 Kobbie Mainoo
86%
Chelsea England 23 Conor Gallagher
82%
Liverpool England 17 Curtis Jones
82%
Chelsea Argentina 8 Enzo Fernandez
82%
Aston Villa Scotland 7 John McGinn
82%
Man City Portugal 27 Matheus Nunes
82%
Spurs Uruguay 30 Rodrigo Bentancur
82%
Liverpool Netherlands 38 Ryan Gravenberch
82%
Aston Villa Brazil 6 Douglas Luiz
77%
Liverpool Spain 6 Thiago
77%
Spurs Mali 8 Yves Bissouma
77%
Spurs Senegal 29 Pape Sarr
73%
Brighton Germany 13 Pascal Gross
73%
Newcastle Brazil 7 Joelinton
68%
Luton Town England 6 Ross Barkley
68%
Everton Portugal 21 Andre Gomes
64%
Wolves Brazil 8 Joao Gomes
64%
Everton Senegal 27 Idrissa Gueye
59%
Bournemouth Denmark 29 Philip Billing
59%
Newcastle England 36 Sean Longstaff
59%
Everton Mali 16 Abdoulaye Doucoure
55%
West Ham England 7 James Ward-Prowse
55%
Newcastle England 28 Joe Willock
55%
Bournemouth England 4 Lewis Cook
55%
Brentford Denmark 8 Mathias Jensen
55%
Crystal Palace England 20 Adam Wharton
50%
Brighton Poland 15 Jakub Moder
50%
Crystal Palace England 19 Will Hughes
45%
Newcastle Scotland 32 Elliot Anderson
41%
Brentford Nigeria 15 Frank Onyeka
41%
Brighton England 6 James Milner
41%
Burnley England 8 Josh Brownhill
41%
Nottingham Argentina 16 Nicolas Dominguez
41%
Sheffield Northern Ireland 16 Oliver Norwood
41%
Nottingham England 22 Ryan Yates
41%
Luton Town Belgium 28 Albert Lokonga
36%
Liverpool England 42 Bobby Clark
36%
Chelsea England 17 Carney Chukwuemeka
36%
Nottingham Brazil 28 Danilo
36%
Fulham England 6 Harrison Reed
36%
Luton Town England 18 Jordan Clark
36%
Brentford England 10 Josh Dasilva
36%
Newcastle England 67 Lewis Miley
36%
Fulham Serbia 28 Sasa Lukic
36%
Fulham Scotland 10 Tom Cairney
36%
Sheffield Tunisia 25 Anis Slimane
32%
Sheffield Netherlands 8 Gustavo Hamer
32%
Wolves France 27 Jean-Ricner Bellegarde
32%
Brentford Grenada 26 Shandon Baptiste
32%
Sheffield England 35 Andre Brooks
27%
Aston Villa England 47 Tim Iroegbunam
27%
Sheffield England 22 Tom Davies
27%
Burnley England 24 Josh Cullen
23%
Wolves England 20 Tommy Doyle
23%
Bournemouth England 14 Alex Scott
18%
Sheffield England 23 Ben Osborn
18%
Luton Town England 8 Luke Berry
18%
Crystal Palace France 29 Naouirou Ahamada
18%
Sheffield England 28 James McAtee
14%
Luton Town Wales 28 Elliot Thorpe
5%
Everton England 62 Tyler Onyango
5%
Brentford England 32 Ryan Trevitt
0%
No matching quizzes found
Score Distribution
Percent of People with Each Score
Percentile by Number Answered
Your Score History
You have not taken this quiz